UBT Library

Classroom teaching : (Record no. 42775)

000 -LEADER
fixed length control field 00805cam a22002654a 4500
001 - CONTROL NUMBER
control field 3091021
005 - DATE AND TIME OF LATEST TRANSACTION
control field 20180216050844.0
008 - FIXED-LENGTH DATA ELEMENTS--GENERAL INFORMATION
fixed length control field 981118s2000 njua bi 001 0 eng
010 ## - LIBRARY OF CONGRESS CONTROL NUMBER
LC control number 98052857
020 ## - INTERNATIONAL STANDARD BOOK NUMBER
International Standard Book Number 0130998443
035 ## - SYSTEM CONTROL NUMBER
System control number (DLC) 98052857
040 ## - CATALOGING SOURCE
Original cataloging agency DLC
Transcribing agency DLC
Modifying agency DLC
041 ## - LANGUAGE CODE
Language code of text/sound track or separate title eng
042 ## - AUTHENTICATION CODE
Authentication code pcc
043 ## - GEOGRAPHIC AREA CODE
Geographic area code n-us---
080 ## - UNIVERSAL DECIMAL CLASSIFICATION NUMBER
Universal Decimal Classification number 371.102 and
082 00 - DEWEY DECIMAL CLASSIFICATION NUMBER
Classification number 371.102 and
Edition number 21
100 1# - Rafti
Rafti 48
101 ## - Shkurtesa
Shkurtesa edu
245 10 - TITLE STATEMENT
Title Classroom teaching :
Statement of responsibility, etc Andrea M. Guillaume.
504 ## - BIBLIOGRAPHY, ETC. NOTE
Bibliography, etc Includes bibliographical references and index.
906 ## - LOCAL DATA ELEMENT F, LDF (RLIN)
a 7
b cbc
c orignew
d 1
e ocip
f 19
g y-gencatlg
942 ## - ADDED ENTRY ELEMENTS (KOHA)
Source of classification or shelving scheme
Item type Books
Holdings
Withdrawn status Lost status Source of classification or shelving scheme Damaged status Not for loan Collection code Permanent location Current location Shelving location Date acquired Total Checkouts Full call number Barcode Date last seen Price effective from Koha item type
          Koleksioni i përgjithshem UBT - Lipjan UBT - Lipjan Koleksioni i përgjithshem 02/16/2018   371.102 and 002-2997269 02/16/2018 02/16/2018 Books
UBT Library © 2015-2024. All rights reserved University Education for Business and Technology